ABCs of reading : (Record no. 31169)
[ view plain ]
| 000 -LEADER | |
|---|---|
| fixed length control field | 00872nam a2200241 i 4500 |
| 003 - CONTROL NUMBER IDENTIFIER | |
| control field | CSPC |
| 005 - DATE AND TIME OF LATEST TRANSACTION | |
| control field | 20251210150502.0 |
| 008 - FIXED-LENGTH DATA ELEMENTS--GENERAL INFORMATION | |
| fixed length control field | 251210s2023 ph a 000 0 eng d |
| 020 ## - INTERNATIONAL STANDARD BOOK NUMBER | |
| International Standard Book Number | 9789712737800 |
| 040 ## - CATALOGING SOURCE | |
| Original cataloging agency | CSPC |
| Language of cataloging | eng |
| Transcribing agency | CSPC |
| Description conventions | rda |
| 082 04 - DEWEY DECIMAL CLASSIFICATION NUMBER | |
| Classification number | 372.4 |
| Item number | Ab299 |
| 110 1# - MAIN ENTRY--CORPORATE NAME | |
| Corporate name or jurisdiction name as entry element | Reading Specialists, |
| 245 00 - TITLE STATEMENT | |
| Title | ABCs of reading : |
| Remainder of title | How to teach kids to read / |
| Statement of responsibility, etc. | Reading Specialists. |
| 264 #1 - PRODUCTION, PUBLICATION, DISTRIBUTION, MANUFACTURE, AND COPYRIGHT NOTICE | |
| Place of production, publication, distribution, manufacture | Mandaluyong City, Philippines : |
| Name of producer, publisher, distributor, manufacturer | Anvil Publishing, Inc., |
| Date of production, publication, distribution, manufacture, or copyright notice | 2023. |
| 300 ## - PHYSICAL DESCRIPTION | |
| Extent | 96 pages : |
| Other physical details | illustrations ; |
| Dimensions | 23 cm. |
| 336 ## - CONTENT TYPE | |
| Source | rdacontent |
| Content type term | text |
| 337 ## - MEDIA TYPE | |
| Source | rdamedia |
| Media type term | unmediated |
| 338 ## - CARRIER TYPE | |
| Source | rdacarrier |
| Carrier type term | volume |
| 650 10 - SUBJECT ADDED ENTRY--TOPICAL TERM | |
| Topical term or geographic name entry element | Developmental leraning. |
| 700 1# - ADDED ENTRY--PERSONAL NAME | |
| Personal name | Agsaway, Domz, |
| Relator term | illustrator. |
| 942 ## - ADDED ENTRY ELEMENTS (KOHA) | |
| Source of classification or shelving scheme | Dewey Decimal Classification |
| Suppress in OPAC | No |
| Koha item type | Books |
| Classification part | 372.4 |
| Item part | Ab299 |
| Call number prefix | FIL |
| Call number suffix | 2023 |
| Withdrawn status | Lost status | Source of classification or shelving scheme | Damaged status | Not for loan | Home library | Current library | Shelving location | Date acquired | Total Checkouts | Full call number | Barcode | Date last seen | Copy number | Price effective from | Koha item type |
|---|---|---|---|---|---|---|---|---|---|---|---|---|---|---|---|
| Dewey Decimal Classification | CAMPUS CSPC | CAMPUS CSPC | Filipiniana Section | 10/28/2025 | FIL 372.4 Ab299 2023 | 001858-BUH | 12/10/2025 | 1-1 | 10/28/2025 | Books |